Los consejos comunales en el diseño constitucional de la democracia participativa en Venezuela = The communal councils in the contitutional design of participative democracy in Venezuela /

Guardat en:
Dades bibliogràfiques
Autor principal: Morales Villalobos, Eduviges
Format: Text
Etiquetes: Afegir etiqueta
Sense etiquetes, Sigues el primer a etiquetar aquest registre!

MARC

LEADER 00000 a a2200000 04500
001 4648
003
040
090 |a REV1025 24 (40) 2008  
100 |a Morales Villalobos, Eduviges  
245 |a Los consejos comunales en el diseño constitucional de la democracia participativa en Venezuela =   |b The communal councils in the contitutional design of participative democracy in Venezuela /  |c Eduviges Morales Villalobos  
773 |g volumen 24, número40 (enero-junio, 2008) páginas 91-128  
999 |c 26449  |d 26449